|
|
|
|
| LEADER |
00986nam a22002417a 4500 |
| 001 |
AAL4171 |
| 003 |
BD-DhAAL |
| 005 |
20160318193411.0 |
| 008 |
160318m20021986bg ||||| b||| 00| 0 ben d |
| 020 |
|
|
|a 9841105203
|
| 040 |
|
|
|a BD-DhAAL
|c BD-DhAAL
|
| 082 |
|
|
|a 954.14
|
| 100 |
|
|
|a আব্দুল জলীল, এ.এফ.এম.
|9 18596
|
| 245 |
|
|
|a সুন্দরবনের ইতিহাস /
|c এ.এফ.এম.আব্দুল জলীল
|
| 260 |
|
|
|a ঢাকা :
|b আহমদ পাবলিশিং হাউস,
|c ২০০২
|
| 300 |
|
|
|a ৫৯১ পৃ. ;
|c ২২ সে.মি.
|
| 504 |
|
|
|6 Includes bibliography
|
| 541 |
|
|
|e 4171
|
| 650 |
|
|
|a Sundarban
|x History
|9 18597
|
| 852 |
|
|
|a Savar Campus Library
|c General Stacks
|
| 942 |
|
|
|2 ddc
|c BK
|
| 999 |
|
|
|c 37146
|d 37146
|
| 952 |
|
|
|0 0
|1 0
|2 ddc
|4 0
|6 954_140000000000000_ABD
|7 0
|9 58415
|a SCL
|b BRACUL
|c GEN
|d 2016-03-18
|g 400.00
|l 3
|m 10
|o 954.14 ABD
|p 3020004171
|q 2026-08-19
|r 2024-01-16
|s 2024-01-16
|t 1
|w 2016-03-18
|y BK
|